Геохимические особенности твердой фазы снегового покрова городской территории (на примере г. Юрга); Проблемы геологии и освоения недр; Т. 1

Detalles Bibliográficos
Parent link:Проблемы геологии и освоения недр=Problems of Geology and Subsurface Development: труды XXV Международного симпозиума имени академика М. А. Усова студентов и молодых учёных, посвященного 120-летию горногеологического образования в Сибири, 125-летию со дня основания Томского политехнического университета, Томск, 5-9 апреля 2021 г./ Национальный исследовательский Томский политехнический университет, Инженерная школа природных ресурсов ; гл. ред. Н. В. Гусева ; под ред. Е. Ю. Пасечник.— , 2021
Т. 1.— 2021.— [С. 344-346]
Autor Principal: Будаева Ю. С.
Autor Corporativo: Национальный исследовательский Томский политехнический университет Инженерная школа природных ресурсов Отделение геологии
Outros autores: Таловская А. В. Анна Валерьевна (научный руководитель), Торосян Е. С. Елена Самвеловна
Summary:Заглавие с экрана
Idioma:ruso
Publicado: 2021
Series:Геоэкология, охрана и защита окружающей среды
Subjects:
Acceso en liña:http://earchive.tpu.ru/handle/11683/68800
Formato: Electrónico Capítulo de libro
KOHA link:https://koha.lib.tpu.ru/cgi-bin/koha/opac-detail.pl?biblionumber=633541

MARC

LEADER 00000naa2a2200000 4500
001 633541
005 20231102024653.0
035 |a (RuTPU)RU\TPU\conf\35289 
035 |a RU\TPU\conf\35288 
090 |a 633541 
100 |a 20211008d2021 k y0rusy50 ca 
101 0 |a rus 
102 |a RU 
105 |a y z 100zy 
135 |a drcn ---uucaa 
181 0 |a i  
182 0 |a b 
200 1 |a Геохимические особенности твердой фазы снегового покрова городской территории (на примере г. Юрга)  |f Ю. С. Будаева  |g науч. рук. А. В. Таловская, Е. С. Торосян 
203 |a Текст  |c электронный 
225 1 |a Геоэкология, охрана и защита окружающей среды 
230 |a 1 компьютерный файл (pdf; 1 366 Kb) 
300 |a Заглавие с экрана 
320 |a [Библиогр.: с. 346 (14 назв.)] 
461 1 |0 (RuTPU)RU\TPU\conf\35202  |t Проблемы геологии и освоения недр  |l Problems of Geology and Subsurface Development  |o труды XXV Международного симпозиума имени академика М. А. Усова студентов и молодых учёных, посвященного 120-летию горногеологического образования в Сибири, 125-летию со дня основания Томского политехнического университета, Томск, 5-9 апреля 2021 г.  |o в 2 т.  |f Национальный исследовательский Томский политехнический университет, Инженерная школа природных ресурсов ; гл. ред. Н. В. Гусева ; под ред. Е. Ю. Пасечник  |d 2021 
463 1 |0 (RuTPU)RU\TPU\conf\35203  |t Т. 1  |v [С. 344-346]  |d 2021 
610 1 |a труды учёных ТПУ 
610 1 |a электронный ресурс 
610 1 |a геохимические особенности 
610 1 |a твердые фазы 
610 1 |a снеговой покров 
610 1 |a городские территории 
610 1 |a Юрга 
610 1 |a загрязняющие вещества 
610 1 |a атмосферный воздух 
700 1 |a Будаева  |b Ю. С. 
702 1 |a Таловская  |b А. В.  |c геохимик  |c доцент Томского политехнического университета, кандидат геолого-минералогических наук  |f 1983-  |g Анна Валерьевна  |2 stltpush  |4 727 
702 1 |a Торосян  |b Е. С.  |c специалист в области экологии и безопасности жизнедеятельности  |c старший преподаватель Юргинского технологического института (филиал) Томского политехнического университета  |f 1981-  |g Елена Самвеловна  |2 stltpush  |4 727  |9 11607 
712 0 2 |a Национальный исследовательский Томский политехнический университет  |b Инженерная школа природных ресурсов  |b Отделение геологии  |h 8083  |2 stltpush  |3 (RuTPU)RU\TPU\col\23542 
801 2 |a RU  |b 63413507  |c 20211029  |g RCR 
856 4 |u http://earchive.tpu.ru/handle/11683/68800 
942 |c BK